Movies By 1 Actor and 1 Actress - Anthony Hopkins Edition - Statistics

General Stats
  • This quiz has been taken 10 times
  • The average score is 11 of 26
Answer Stats
Cast Movie % Correct
Julianne Moore, Ray Liotta Hannibal
83%
John Hurt, Anne Bancroft The Elephant Man
83%
Olivia Coleman, Rufus Sewell The Father
83%
Gary Oldman, Winona Ryder Bram Stoker's Dracula
67%
Jodie Foster, Scott Glenn The Silence of the Lambs
67%
Chris Hemsworth, Natalie Portman Thor
67%
Ray Winstone, Angelina Jolie Beowulf
50%
Brad Pitt, Marcia Gay Harden Meet Joe Black
50%
Edward Norton, Emily Watson Red Dragon
50%
Antonio Banderas, Catherine Zeta-Jones The Mask of Zorro
50%
Hugh Jackman, Laura Dern The Son
50%
Colin Farrell, Rosario Dawson Alexander
33%
Djimon Hounsou, Anna Paquin Amistad
33%
Chris Rock, Kerry Washington Bad Company
33%
Tom Cruise, Thandiwe Newton Mission: Impossible 2
33%
Joan Allen, Ed Harris Nixon
33%
Russell Crowe, Jennifer Connelly Noah
33%
Bruce Willis, Helen Mirren RED 2
33%
Alice Braga, Toby Jones The Rite
33%
Robert Downey Jr., Milla Jovovich Chaplin
17%
Scarlett Johansson, Danny Huston Hitchcock
17%
Helena Bonham Carter, Samuel West Howards End
17%
Jeffrey Dean Morgan, Abbie Cornish Solace
17%
Alec Baldwin, Elle Macpherson The Edge
17%
Benicio del Toro, Emily Blunt The Wolfman
17%
Josh Brolin, Naomi Watts You Will Meet A Tall, Dark Stranger
17%
No matching quizzes found
Score Distribution
Percent of People with Each Score
Percentile by Number Answered
Your Score History
You have not taken this quiz